[Event "Women's Speed Chess Q2"]
[Site "chess.com INT"]
[Date "2021.05.29"]
[Round "5"]
[White "Kanyamarala, Trisha"]
[Black "Antonova, Nadezhda"]
[Result "1-0"]
[WhiteTitle "WIM"]
[BlackTitle "WFM"]
[WhiteElo "2180"]
[BlackElo "1877"]
[WhiteFideId "45004722"]
[BlackFideId "14700182"]
[EventDate "2021.05.29"]

1. e4 c5 2. Nf3 d6 3. d4 cxd4 4. Qxd4 Nf6 5. Nc3 e5 6. Qd1 h6 7. h3 Be7 8. Be3
O-O 9. Be2 Be6 10. O-O Nbd7 11. Qd2 a6 12. Rad1 Qc7 13. Nh4 Nxe4 14. Nxe4 Bxh4
15. Nxd6 Rfd8 16. Bf3 Nc5 17. Qb4 Be7 18. Bxc5 Bxd6 19. Bxd6 Qxc2 20. Bxe5 Qg6
21. Qh4 Bxa2 22. Rxd8+ Rxd8 23. Qxd8+ Kh7 24. Qd4 Be6 25. Be4 f5 26. Bf3 Qf7 27.
Rc1 1-0

[Event "Women's Speed Chess Q2"]
[Site "chess.com INT"]
[Date "2021.05.29"]
[Round "5"]
[White "Balabayeva, Xeniya"]
[Black "Varney, Zoe"]
[Result "1-0"]
[WhiteTitle "WFM"]
[BlackTitle "WCM"]
[WhiteElo "2178"]
[BlackElo "1917"]
[WhiteFideId "13719688"]
[BlackFideId "436135"]
[EventDate "2021.05.29"]

1. e4 e5 2. Nf3 Nc6 3. Nc3 Nf6 4. Bb5 d6 5. d4 exd4 6. Nxd4 Bd7 7. O-O Be7 8.
Nxc6 bxc6 9. Ba4 O-O 10. Re1 d5 11. e5 Ne8 12. Bf4 Qb8 13. Rb1 Qb6 14. Bb3 Bc5
15. Qf3 Be6 16. Na4 Qb5 17. Nxc5 Qxc5 18. c3 a5 19. Bc2 a4 20. Qd3 g6 21. Bh6
Ng7 22. Qf3 Rfe8 23. Rbd1 Nf5 24. Bg5 a3 25. b3 Qb6 26. Bf6 d4 27. Qf4 Qc5 28.
Bxf5 Bxf5 29. Rxd4 Qf8 30. Qg5 c5 31. Rh4 Rad8 32. Rh6 Rd5 33. Qh4 1-0

[Event "Women's Speed Chess Q2"]
[Site "chess.com INT"]
[Date "2021.05.29"]
[Round "5"]
[White "Starosta, Martyna"]
[Black "Mkrtchian, Lilit"]
[Result "0-1"]
[WhiteTitle "WCM"]
[BlackTitle "IM"]
[WhiteElo "1910"]
[BlackElo "2388"]
[WhiteFideId "21818754"]
[BlackFideId "13300601"]
[EventDate "2021.05.29"]

1. e4 e6 2. d4 d5 3. Nc3 Nf6 4. Bg5 Be7 5. e5 Nfd7 6. Bxe7 Qxe7 7. f4 a6 8. Nf3
c5 9. Qd2 Nc6 10. g4 h5 11. g5 g6 12. dxc5 Nxc5 13. Nd4 Bd7 14. O-O-O b5 15.
Bxb5 axb5 16. Ndxb5 O-O 17. Nc7 Ra7 18. N7b5 Ra5 19. f5 Rb8 20. fxg6 fxg6 21.
Nc7 Rb7 22. N3xd5 exd5 23. Qxd5+ Be6 24. Qxc6 Rxc7 25. Qb6 Rxa2 26. Qb8+ Rc8 27.
Qb6 Nb3+ 28. Kb1 Ra1# 0-1

[Event "Women's Speed Chess Q2"]
[Site "chess.com INT"]
[Date "2021.05.29"]
[Round "5"]
[White "Bommini, Mounika Akshaya"]
[Black "Chu, Ruotong"]
[Result "0-1"]
[WhiteTitle "WFM"]
[BlackTitle "WIM"]
[WhiteElo "2029"]
[BlackElo "2207"]
[WhiteFideId "25019872"]
[BlackFideId "8605653"]
[EventDate "2021.05.29"]

1. b4 Nf6 2. Bb2 d5 3. a3 g6 4. e3 Bg7 5. f4 O-O 6. Nf3 a5 7. b5 c6 8. a4 Nbd7
9. Be2 Nb6 10. d3 Bd7 11. Nc3 Ng4 12. Qd2 h5 13. O-O cxb5 14. axb5 Bxb5 15. h3
Nxe3 16. Qxe3 d4 17. Qd2 dxc3 18. Bxc3 Bxc3 19. Qxc3 Nd5 20. Qb3 Nxf4 21. Rfe1
Bc6 22. d4 Nxe2+ 23. Rxe2 Bxf3 0-1

[Event "Women's Speed Chess Q2"]
[Site "chess.com INT"]
[Date "2021.05.29"]
[Round "5"]
[White "Atalik, Ekaterina"]
[Black "Buksa, Nataliya"]
[Result "1/2-1/2"]
[WhiteTitle "IM"]
[BlackTitle "IM"]
[WhiteElo "2430"]
[BlackElo "2414"]
[WhiteFideId "4130189"]
[BlackFideId "14123622"]
[EventDate "2021.05.29"]

1. d4 d5 2. Nf3 Nf6 3. c4 e6 4. Nc3 Be7 5. Bf4 O-O 6. Rc1 b6 7. cxd5 Nxd5 8.
Nxd5 Qxd5 9. a3 c5 10. dxc5 Qxd1+ 11. Rxd1 Bxc5 12. e3 Nd7 13. Bb5 Nf6 14. Bc6
Ba6 15. Bxa8 Rxa8 16. Bd6 Bxd6 17. Rxd6 Rc8 18. Rd1 h6 19. b4 Rc2 20. Nd4 Rb2
21. b5 Bb7 22. O-O e5 23. Nc6 Rxb5 24. Nxa7 Ra5 25. Rd8+ Kh7 26. Nc8 Ra8 27. Rc1
Ne4 28. Re8 Nf6 29. Rd8 Ne4 30. Re8 Nf6 31. Rd8 1/2-1/2

[Event "Women's Speed Chess Q2"]
[Site "chess.com INT"]
[Date "2021.05.29"]
[Round "5"]
[White "Samaganova, Alexandra"]
[Black "Bodnaruk, Anastasia"]
[Result "0-1"]
[WhiteTitle "WFM"]
[BlackTitle "IM"]
[WhiteElo "1993"]
[BlackElo "2457"]
[WhiteFideId "13800221"]
[BlackFideId "4181751"]
[EventDate "2021.05.29"]

1. c4 e5 2. Nc3 d6 3. g3 Nc6 4. Bg2 g6 5. e3 Bg7 6. Nge2 f5 7. d4 e4 8. a3 Nf6
9. b4 O-O 10. Qb3 Rf7 11. Bd2 g5 12. h4 h6 13. hxg5 hxg5 14. a4 a5 15. Na2 axb4
16. Nxb4 Na5 17. Qc2 c6 18. Rb1 Be6 19. d5 cxd5 20. Nd4 Qe8 21. Nb5 Qe7 22. Nxd5
Nxd5 23. Bxa5 Nxe3 24. fxe3 Rxa5 25. Qd2 Ra6 26. Qb4 Rc6 27. Rc1 Be5 28. O-O
Bxg3 29. Nd4 Rc5 30. Nxe6 Qxe6 31. Qb6 Qh6 32. Qd8+ Rf8 0-1

[Event "Women's Speed Chess Q2"]
[Site "chess.com INT"]
[Date "2021.05.29"]
[Round "5"]
[White "Vaishali, R"]
[Black "Petrova, Irina"]
[Result "1-0"]
[WhiteTitle "WGM"]
[BlackTitle "WIM"]
[WhiteElo "2393"]
[BlackElo "2110"]
[WhiteFideId "5091756"]
[BlackFideId "14124122"]
[EventDate "2021.05.29"]

1. e4 d6 2. d4 Nf6 3. Nc3 e5 4. Nf3 Nbd7 5. Bc4 Be7 6. O-O O-O 7. h3 c6 8. a4 h6
9. Ba2 Re8 10. Re1 Bf8 11. a5 exd4 12. Nxd4 Nc5 13. Qf3 Ne6 14. Nf5 Ng5 15. Bxg5
hxg5 16. Bb3 Re5 17. a6 b5 18. Nd4 Bd7 19. Rad1 Qb6 20. Qg3 Rae8 21. Nf3 Nxe4
22. Nxe4 Rxe4 23. Rxe4 Rxe4 24. Bxf7+ Kh8 25. Nxg5 Rd4 26. Qf3 Rxd1+ 27. Qxd1 g6
28. Bxg6 Kg7 29. Qh5 Qd8 30. Qh7+ Kf6 31. Qf7+ Kxg5 32. f4+ Kh4 33. Kh2 Bxh3 34.
g3+ Kg4 35. Bh5# 1-0

[Event "Women's Speed Chess Q2"]
[Site "chess.com INT"]
[Date "2021.05.29"]
[Round "5"]
[White "Arpita, Mukherjee"]
[Black "Kulkarni, Bhakti"]
[Result "0-1"]
[WhiteTitle "WIM"]
[BlackTitle "IM"]
[WhiteElo "2206"]
[BlackElo "2391"]
[WhiteFideId "5056403"]
[BlackFideId "5019516"]
[EventDate "2021.05.29"]

1. e4 d5 2. exd5 Nf6 3. d4 Bg4 4. Bb5+ Nbd7 5. f3 Bh5 6. c4 a6 7. Bxd7+ Qxd7 8.
Nc3 O-O-O 9. Nge2 e6 10. dxe6 Qxe6 11. d5 Qb6 12. a3 c6 13. b4 cxd5 14. c5 Qe6
15. O-O d4 16. Na4 d3 17. Nf4 Qe5 18. Nxh5 Nxh5 19. Bb2 Qe3+ 20. Kh1 Nf4 21. Re1
Qf2 22. Nb6+ Kb8 23. Be5+ Bd6 24. Bxf4 Bxf4 25. Re4 Rd4 26. Rxd4 Qxd4 27. Rb1
Bc7 28. Qb3 Qf4 29. g3 Qxf3+ 30. Kg1 Qe3+ 31. Kh1 Qe4+ 32. Kg1 Qd4+ 33. Kh1 Qe4+
34. Kg1 d2 35. Qd1 Re8 0-1

[Event "Women's Speed Chess Q2"]
[Site "chess.com INT"]
[Date "2021.05.29"]
[Round "5"]
[White "Von Herman, Brigitte"]
[Black "Soumya, Swaminathan"]
[Result "1-0"]
[WhiteTitle "WFM"]
[BlackTitle "IM"]
[WhiteElo "1991"]
[BlackElo "2351"]
[WhiteFideId "4628730"]
[BlackFideId "5016193"]
[EventDate "2021.05.29"]

1. e4 c5 2. c3 Nf6 3. e5 Nd5 4. d4 cxd4 5. Nf3 Nc6 6. Bc4 Nb6 7. Bb3 dxc3 8. O-O
cxb2 9. Bxb2 e6 10. Nc3 Be7 11. Ne4 O-O 12. Nd6 f6 13. Re1 Qc7 14. Nb5 Qb8 15.
Qe2 a6 16. Nc3 Nxe5 17. Nxe5 Qxe5 18. Qf3 Qb8 19. Rad1 Qc7 20. Rc1 Qd8 21. Ne4
d5 22. Ng3 Bd7 23. Bc2 Rc8 24. Qd3 g6 25. h4 Nc4 26. Ba1 Kg7 27. h5 Bc6 28. hxg6
e5 29. gxh7 e4 30. Nxe4 dxe4 31. Qxc4 Kxh7 32. Qe6 Bd5 33. Qh3+ Kg7 34. Qg4+ Kf7
35. Bxe4 Bxe4 36. Qxe4 Rxc1 37. Qe6+ Kg7 38. Rxc1 Qd6 39. Qg4+ 1-0

[Event "Women's Speed Chess Q2"]
[Site "chess.com INT"]
[Date "2021.05.29"]
[Round "5"]
[White "Berend, Elvira"]
[Black "Rakshitta, Ravi"]
[Result "0-1"]
[WhiteTitle "WGM"]
[BlackTitle "WIM"]
[WhiteElo "2326"]
[BlackElo "2190"]
[WhiteFideId "4000510"]
[BlackFideId "25073230"]
[EventDate "2021.05.29"]

1. e4 e5 2. Nf3 Nc6 3. Bc4 Bc5 4. O-O d6 5. c3 Nf6 6. d4 exd4 7. cxd4 Bb6 8. e5
dxe5 9. d5 e4 10. dxc6 Qxd1 11. Rxd1 exf3 12. gxf3 bxc6 13. Bg5 Bf5 14. Bxf6
gxf6 15. Nc3 Bh3 16. Bf1 Bf5 17. Re1+ Kf8 18. Ne4 Rg8+ 19. Kh1 Bxe4 20. Rxe4
Bxf2 21. Bg2 Rd8 22. Re2 Bc5 23. f4 Rd4 24. Rf1 Bd6 25. Ref2 Rg4 26. Bxc6 Bxf4
27. b3 Be5 28. Re2 Rh4 29. Bb5 Rdg4 30. Bc4 Rg5 31. Rff2 Bd4 32. Rf1 Rhg4 33.
Ree1 Be5 34. Re2 Bd4 35. Ree1 Rg2 36. a4 h5 37. Bd5 Rd2 38. Be4 Be5 0-1

[Event "Women's Speed Chess Q2"]
[Site "chess.com INT"]
[Date "2021.05.29"]
[Round "5"]
[White "Bivol, Alina"]
[Black "Sukandar, Irine Kharisma"]
[Result "0-1"]
[WhiteTitle "WGM"]
[BlackTitle "IM"]
[WhiteElo "2385"]
[BlackElo "2413"]
[WhiteFideId "4100123"]
[BlackFideId "7101937"]
[EventDate "2021.05.29"]

1. e4 e5 2. Nf3 d6 3. d4 exd4 4. Nxd4 Nf6 5. Nc3 Be7 6. Bc4 O-O 7. O-O a6 8. a4
Nc6 9. h3 Ne5 10. Bb3 c5 11. Nf3 Ng6 12. Be3 Be6 13. Ba2 Rb8 14. Bxe6 fxe6 15.
Qe2 d5 16. exd5 exd5 17. Bg5 d4 18. Rad1 Kh8 19. Rfe1 Qb6 20. Bxf6 Bxf6 21. Nd5
Qxb2 22. Nxf6 Rxf6 23. Ng5 Qa2 24. Qh5 h6 25. Ne4 Rc6 26. Nxc5 Qxc2 27. Ne4 Rf8
28. Kh2 Qxa4 29. Rc1 d3 30. Nc5 Qf4+ 31. Kh1 Qxf2 32. Nxd3 Qg3 33. Rcd1 Rd6 34.
Qc5 Rxd3 35. Rd2 0-1

[Event "Women's Speed Chess Q2"]
[Site "chess.com INT"]
[Date "2021.05.29"]
[Round "5"]
[White "Secopito, Catherine"]
[Black "Kiolbasa, Oliwia"]
[Result "0-1"]
[WhiteTitle "WIM"]
[BlackTitle "WIM"]
[WhiteElo "2075"]
[BlackElo "2255"]
[WhiteFideId "5202744"]
[BlackFideId "1154613"]
[EventDate "2021.05.29"]

1. d4 d5 2. c4 e6 3. Nc3 a6 4. f3 dxc4 5. a4 Nc6 6. e3 Na5 7. Nge2 Nf6 8. Nf4 c5
9. Be2 cxd4 10. exd4 Nb3 11. Be3 Nxa1 12. Qxa1 Bb4 13. Bxc4 Qc7 14. Bd3 O-O 15.
O-O b6 16. Rc1 Qd6 17. Ne4 Nxe4 18. Bxe4 Rb8 19. Qb1 h6 20. Rc6 Qd8 21. Nd3 Bd6
22. Ne5 Bb7 23. Bh7+ Kh8 24. Rc3 Bxe5 25. dxe5 Qd5 26. Bf4 Rfd8 27. Rc1 Qd4+ 28.
Kh1 Qxf4 29. Re1 Bd5 30. Bd3 b5 31. Bf1 bxa4 32. Qc2 Bb3 33. Qf2 Rd2 34. Qa7
Rbd8 35. Be2 Qd4 36. h3 Qxa7 0-1

[Event "Women's Speed Chess Q2"]
[Site "chess.com INT"]
[Date "2021.05.29"]
[Round "5"]
[White "Socko, Monika"]
[Black "Nurmanova, Alua"]
[Result "1-0"]
[WhiteTitle "GM"]
[BlackTitle "WFM"]
[WhiteElo "2421"]
[BlackElo "2008"]
[WhiteFideId "1106619"]
[BlackFideId "13729390"]
[EventDate "2021.05.29"]

1. d4 Nf6 2. c4 g6 3. Nf3 Bg7 4. g3 O-O 5. Bg2 d5 6. cxd5 Nxd5 7. Nc3 Nb6 8. O-O
Nc6 9. d5 Na5 10. Qc2 c6 11. dxc6 Nxc6 12. Rd1 Qe8 13. Bf4 Bf5 14. e4 Bg4 15. h3
Bxf3 16. Bxf3 Nd4 17. Qd3 Rd8 18. Bg2 e5 19. Bg5 f6 20. Be3 Qe7 21. Nd5 Nxd5 22.
exd5 f5 23. Bxd4 exd4 24. Re1 Qb4 25. a3 Qxb2 26. Rab1 Qc3 27. Qd1 Rd7 28. Qa4
Rfd8 29. Rbc1 Qb2 30. Rc2 Qb6 31. Re8+ Rxe8 32. Qxd7 Rd8 33. Rc8 Bf6 34. d6 d3
35. Qe6+ Kg7 36. Rc7+ Kh6 37. Qxf6 Rd7 38. Rxd7 1-0

[Event "Women's Speed Chess Q2"]
[Site "chess.com INT"]
[Date "2021.05.29"]
[Round "5"]
[White "Adam, Ernestina"]
[Black "Grigoryan, Meri"]
[Result "1-0"]
[WhiteTitle "WCM"]
[BlackTitle "WFM"]
[WhiteElo "1354"]
[BlackElo "2044"]
[WhiteFideId "165883"]
[BlackFideId "13300571"]
[EventDate "2021.05.29"]

1. e4 c6 2. d4 d5 3. Nc3 dxe4 4. Nxe4 Bf5 5. Ng3 Bg6 6. Nf3 Nd7 7. h4 h6 8. h5
Bh7 9. Bd3 Bxd3 10. Qxd3 Ngf6 11. Bf4 e6 12. O-O-O Qa5 13. Kb1 O-O-O 14. Ne4
Nxe4 15. Qxe4 Nf6 16. Qe2 Bd6 17. Ne5 Rhf8 18. Nc4 Qc7 19. Nxd6+ Rxd6 20. c4 Qd8
21. Bxd6 Qxd6 22. Rh3 Rd8 23. Rhd3 Qf4 24. g3 Qf5 25. Ka1 Ne4 26. g4 Qh7 27. f3
Nd6 28. d5 exd5 29. cxd5 c5 30. Qe3 b6 31. a4 Qg8 32. a5 Re8 33. Qf4 Qf8 34.
axb6 axb6 35. Ra3 Kb7 36. Qa4 Ra8 37. Qc6+ 1-0

[Event "Women's Speed Chess Q2"]
[Site "chess.com INT"]
[Date "2021.05.29"]
[Round "5"]
[White "Narva, Mai"]
[Black "Dordzhieva, Dinara"]
[Result "1-0"]
[WhiteTitle "WIM"]
[BlackTitle "WGM"]
[WhiteElo "2276"]
[BlackElo "2334"]
[WhiteFideId "4500512"]
[BlackFideId "24157570"]
[EventDate "2021.05.29"]

1. e4 c5 2. Nf3 d6 3. d4 cxd4 4. Nxd4 Nf6 5. Nc3 a6 6. f4 e6 7. Be3 Be7 8. Be2
Nc6 9. O-O Qc7 10. Kh1 O-O 11. Bf3 Nxd4 12. Bxd4 e5 13. Be3 exf4 14. Bxf4 Be6
15. Bg5 Rfe8 16. Qd4 Nd7 17. Bxe7 Rxe7 18. Rad1 Ne5 19. Qxd6 Qxd6 20. Rxd6 Nc4
21. Rd4 Rc8 22. Nd1 Ne5 23. b3 f6 24. Ne3 Rc3 25. Re1 Rec7 26. Bh5 g6 27. Bd1
Kf7 28. Kg1 Nc6 29. Rd2 Nb4 30. a4 Nc6 31. h3 Ne5 32. Kf2 Ke7 33. Bf3 h5 34.
Red1 Rc8 35. Be2 R8c7 36. Rd4 Rc8 37. Rb4 R8c7 38. Rb6 Nd7 39. Rbd6 Ne5 40. h4
Nf7 41. R6d4 Ne5 42. R1d2 Nc6 43. Rd6 Ne5 44. g3 Nf7 45. Rxe6+ Kxe6 46. Bc4+ Ke5
47. Rd5+ Kxe4 48. Bd3+ Rxd3 49. cxd3# 1-0

[Event "Women's Speed Chess Q2"]
[Site "chess.com INT"]
[Date "2021.05.29"]
[Round "5"]
[White "Mohota, Nisha"]
[Black "Zawadzka, Jolanta"]
[Result "0-1"]
[WhiteTitle "IM"]
[BlackTitle "WGM"]
[WhiteElo "2195"]
[BlackElo "2399"]
[WhiteFideId "5004330"]
[BlackFideId "1122320"]
[EventDate "2021.05.29"]

1. b3 e5 2. Bb2 Nc6 3. c4 Nf6 4. Nf3 e4 5. Nd4 Nxd4 6. Bxd4 c5 7. Bb2 d5 8. cxd5
Qxd5 9. Bxf6 gxf6 10. Nc3 Qe5 11. Qc2 Bf5 12. e3 a6 13. Be2 Bd6 14. Rd1 Rg8 15.
g3 O-O-O 16. d4 exd3 17. Bxd3 Bh3 18. Be2 Kb8 19. Bf3 Bc7 20. Nd5 Ba5+ 21. Ke2
Rc8 22. Qe4 Qb2+ 23. Kd3 Rgd8 24. g4 Qxa2 25. Qc4 b5 26. Qf4+ Ka7 27. Qxf6 Qxb3+
28. Ke4 Qc4+ 29. Kf5 Rd7 30. Kg5 Rg8+ 31. Kh4 Bg2 32. Bxg2 Qxg4# 0-1

[Event "Women's Speed Chess Q2"]
[Site "chess.com INT"]
[Date "2021.05.29"]
[Round "5"]
[White "Papp, Petra"]
[Black "Pourkashiyan, Atousa"]
[Result "1-0"]
[WhiteTitle "WGM"]
[BlackTitle "WGM"]
[WhiteElo "2336"]
[BlackElo "2322"]
[WhiteFideId "739049"]
[BlackFideId "12502014"]
[EventDate "2021.05.29"]

1. e4 c5 2. Nf3 e6 3. d4 cxd4 4. Nxd4 a6 5. c4 Nf6 6. Nc3 Bb4 7. Qd3 Nc6 8. Nxc6
dxc6 9. Qxd8+ Kxd8 10. e5 Nd7 11. Bf4 Ke7 12. O-O-O Bxc3 13. bxc3 Nc5 14. Be3 b6
15. h4 Bb7 16. h5 h6 17. Be2 Rhd8 18. Bxc5+ bxc5 19. Rh4 Rxd1+ 20. Kxd1 Rd8+ 21.
Kc2 f6 22. Rg4 Kf7 23. Rf4 Ke7 24. Re4 fxe5 25. Rxe5 Kd6 26. Re3 Rf8 27. Bf3 e5
28. Kd2 Bc8 29. Rd3+ Kc7 30. Ke3 Bf5 31. Rd2 Re8 32. Be4 Be6 33. Bg6 Rb8 34. Ke4
Bxc4 35. Kxe5 Bd5 36. f4 a5 37. f5 a4 38. f6 gxf6+ 39. Kxf6 a3 40. Kg7 Rb2 41.
Rxb2 axb2 42. Bb1 Bxg2 43. Kxh6 Bd5 44. Kg7 Kd6 45. h6 Ke5 46. h7 Kf4 47. h8=Q
Ke3 1-0

[Event "Women's Speed Chess Q2"]
[Site "chess.com INT"]
[Date "2021.05.29"]
[Round "5"]
[White "Farhat Willemstein, Stela Souza"]
[Black "Selkirk, Rebecca"]
[Result "1-0"]
[WhiteTitle "WFM"]
[BlackTitle "WCM"]
[WhiteElo "1758"]
[BlackElo "1799"]
[WhiteFideId "2109808"]
[BlackFideId "14306514"]
[EventDate "2021.05.29"]

1. e4 c6 2. Nf3 d5 3. exd5 cxd5 4. d4 Nc6 5. c3 Nf6 6. Bb5 e6 7. Ne5 Qb6 8. Qe2
Bd6 9. O-O O-O 10. Bf4 Bxe5 11. dxe5 Nd7 12. Be3 Qc7 13. f4 a6 14. Bd3 b5 15.
Qh5 g6 16. Qh4 Bb7 17. Rf3 Qd8 18. Qh6 Re8 19. Rh3 Nf8 20. Bc5 Ne7 21. Nd2 Rc8
22. Bd6 Rc6 23. Nf3 Rxd6 24. exd6 Qxd6 25. Ng5 Nf5 26. Bxf5 exf5 27. Nxh7 Nxh7
28. Qxh7+ Kf8 29. Qh8+ Ke7 30. Re1+ Kd7 31. Qxe8+ Kc7 32. Qe7+ Qxe7 33. Rxe7+
Kd6 34. Rxb7 d4 35. Rxf7 Kd5 36. Rd7+ Ke4 37. Rxd4# 1-0

[Event "Women's Speed Chess Q2"]
[Site "chess.com INT"]
[Date "2021.05.29"]
[Round "5"]
[White "Kiran, Manisha Mohanty"]
[Black "Mrudul, Dehankar"]
[Result "1-0"]
[WhiteTitle "WGM"]
[BlackTitle "WIM"]
[WhiteElo "2168"]
[BlackElo "2256"]
[WhiteFideId "5019575"]
[BlackFideId "25096990"]
[EventDate "2021.05.29"]

1. e4 c5 2. Nf3 d6 3. d4 cxd4 4. Nxd4 Nf6 5. Nc3 a6 6. Bg5 Nbd7 7. Qe2 Qc7 8.
O-O-O b5 9. a3 e6 10. h4 Be7 11. Kb1 Bb7 12. Rh3 Rc8 13. Bd2 Ne5 14. f4 Nc4 15.
Be1 Qb6 16. g4 Nd7 17. g5 Nc5 18. h5 Na4 19. Nxa4 bxa4 20. b3 Nxa3+ 21. Ka2 e5
22. fxe5 dxe5 23. b4 exd4 24. Kxa3 a5 25. Qb5+ Qxb5 26. Bxb5+ Kf8 27. Rxd4 Rxc2
28. Rc3 Rxc3+ 29. Bxc3 axb4+ 30. Bxb4 Bxb4+ 31. Kxb4 1-0

[Event "Women's Speed Chess Q2"]
[Site "chess.com INT"]
[Date "2021.05.29"]
[Round "5"]
[White "Priyanka, K"]
[Black "Nguyen, Thi Thanh An"]
[Result "0-1"]
[WhiteTitle "WIM"]
[BlackTitle "WGM"]
[WhiteElo "2218"]
[BlackElo "2259"]
[WhiteFideId "5082986"]
[BlackFideId "12400300"]
[EventDate "2021.05.29"]

1. e4 c6 2. Nc3 d5 3. Nf3 dxe4 4. Nxe4 Bf5 5. Ng3 Bg6 6. h4 h6 7. Ne5 Bh7 8. Bc4
e6 9. d4 Nf6 10. Be3 Nbd7 11. Qe2 Bd6 12. O-O-O Qe7 13. f4 Nb6 14. Bd3 Bxd3 15.
Qxd3 O-O-O 16. Ne4 Nxe4 17. Qxe4 f5 18. Qf3 Bxe5 19. dxe5 Rxd1+ 20. Qxd1 Rd8 21.
Qe2 Qb4 22. Rd1 Rxd1+ 23. Qxd1 Nd5 24. Bd2 Qa4 25. Qh5 Qxa2 26. Qe8+ Kc7 27. c3
Qa1+ 28. Kc2 Qa4+ 29. Kc1 Nxf4 30. Qe7+ Kb6 31. Be3+ Ka6 32. Qc5 b6 33. Qd6 Qe4
34. Qd2 Nd5 0-1

[Event "Women's Speed Chess Q2"]
[Site "chess.com INT"]
[Date "2021.05.29"]
[Round "5"]
[White "Dworakowska, Joanna"]
[Black "Froewis, Annika"]
[Result "1/2-1/2"]
[WhiteTitle "IM"]
[BlackTitle "WFM"]
[WhiteElo "2322"]
[BlackElo "2143"]
[WhiteFideId "1107445"]
[BlackFideId "1621432"]
[EventDate "2021.05.29"]

1. e4 e5 2. Nf3 d6 3. d4 exd4 4. Nxd4 Nf6 5. Nc3 Be7 6. Bc4 O-O 7. O-O Re8 8.
Re1 Bf8 9. a4 Nbd7 10. a5 Ne5 11. Bb3 Bg4 12. f3 Bh5 13. g4 Nfxg4 14. fxg4 Bxg4
15. Nce2 c5 16. Nf5 Nf3+ 17. Kg2 Nxe1+ 18. Qxe1 Rxe4 19. Nfg3 Re8 20. Qf2 d5 21.
Bd2 Rc8 22. Rf1 Rc7 23. c4 d4 24. Nf4 Bd6 25. Nd5 Bxg3 26. Qxg3 Rc6 27. Bc2 Re2+
28. Rf2 Rxf2+ 29. Kxf2 Be6 30. Bg5 f6 31. Bxf6 Qf8 32. Qh4 Bxd5 33. Qxh7+ Kf7
34. Qg6+ Ke6 35. Qf5+ Kf7 36. Qg6+ Kg8 37. Qh7+ Kf7 38. Qg6+ 1/2-1/2

[Event "Women's Speed Chess Q2"]
[Site "chess.com INT"]
[Date "2021.05.29"]
[Round "5"]
[White "Vantika, Agrawal"]
[Black "Shuvalova, Polina"]
[Result "1-0"]
[WhiteTitle "WIM"]
[BlackTitle "IM"]
[WhiteElo "2286"]
[BlackElo "2484"]
[WhiteFideId "25050389"]
[BlackFideId "24171760"]
[EventDate "2021.05.29"]

1. d4 Nf6 2. c4 e6 3. g3 c5 4. d5 exd5 5. cxd5 d6 6. Nc3 g6 7. Nf3 Bg7 8. Bg2
O-O 9. O-O Re8 10. Re1 a6 11. a4 Nbd7 12. Bf4 Ng4 13. Qc2 Nde5 14. h3 Nxf3+ 15.
exf3 Ne5 16. Ne4 Bf5 17. g4 Bxe4 18. Rxe4 b5 19. Rae1 Qa5 20. Bd2 b4 21. f4 Rad8
22. fxe5 dxe5 23. Rc4 Qb6 24. Be3 b3 25. Qc1 Qf6 26. Rxc5 e4 27. Rc6 Qxb2 28.
Qxb2 Bxb2 29. Rb1 Bg7 30. Rxb3 Rxd5 31. Rb1 Ra5 32. Rc4 f5 33. gxf5 gxf5 34. Rb7
Be5 35. Rd7 Rb8 36. Bb6 Rxa4 37. Rxa4 Rxb6 38. Rd5 Bf6 39. Rxf5 Kg7 40. Rxe4 Kg6
41. Rf3 Rb1+ 42. Bf1 h5 43. Kg2 Kg5 44. Bd3 h4 45. Re6 Bd4 46. Rf5# 1-0

[Event "Women's Speed Chess Q2"]
[Site "chess.com INT"]
[Date "2021.05.29"]
[Round "5"]
[White "Purtseladze, Maka"]
[Black "Sviridova, Vlada"]
[Result "0-1"]
[WhiteTitle "IM"]
[BlackTitle "WFM"]
[WhiteElo "2274"]
[BlackElo "2144"]
[WhiteFideId "13602659"]
[BlackFideId "24109606"]
[EventDate "2021.05.29"]

1. Nf3 d5 2. b3 Nf6 3. Bb2 Bf5 4. g3 e6 5. Bg2 Bd6 6. d3 h6 7. O-O O-O 8. c4 c6
9. Nc3 Bh7 10. Re1 Nbd7 11. e4 Bb4 12. e5 Ne8 13. a3 Bxc3 14. Bxc3 Nc5 15. d4
Ne4 16. Bb4 c5 17. dxc5 a5 18. Bd2 Nxc5 19. cxd5 Qxd5 20. Be3 Qxd1 21. Raxd1
Nxb3 22. Rd7 Rc8 23. Rxb7 Nc5 24. Rb5 Nd3 25. Ra1 Nc7 26. Rxa5 Nd5 27. Nd4 Nxe3
28. fxe3 Rc3 29. a4 Rfc8 30. Ra8 Rxa8 31. Bxa8 Nc5 32. a5 Bd3 33. Bf3 Ba6 34.
Kf2 g6 35. Ra2 Nd3+ 36. Kg2 Nxe5 0-1

[Event "Women's Speed Chess Q2"]
[Site "chess.com INT"]
[Date "2021.05.29"]
[Round "5"]
[White "Daulyte-Cornette, Deimante"]
[Black "Zakirova, Aisha"]
[Result "1-0"]
[WhiteTitle "IM"]
[BlackTitle "WCM"]
[WhiteElo "2387"]
[BlackElo "1585"]
[WhiteFideId "12802859"]
[BlackFideId "13719734"]
[EventDate "2021.05.29"]

1. e4 c5 2. Nc3 Nc6 3. Bb5 Nd4 4. Nf3 Nxb5 5. Nxb5 a6 6. Nc3 b5 7. d4 b4 8. Na4
cxd4 9. Qxd4 a5 10. Be3 d6 11. O-O e5 12. Qd2 Nf6 13. Rad1 Bb7 14. Nb6 Rb8 15.
Nc4 Nxe4 16. Qd3 Be7 17. Bb6 Qc8 18. Rfe1 O-O 19. Rxe4 Bxe4 20. Qxe4 Qa6 21. Be3
Rfc8 22. b3 a4 23. h3 axb3 24. axb3 Qc6 25. Rd5 Rb5 26. Nb6 Rxd5 27. Nxd5 Bf8
28. Ne1 Qb5 29. Nxb4 Rb8 30. Nd5 Rc8 31. Nf3 Ra8 32. Ng5 Ra1+ 33. Kh2 g6 34.
Nf6+ Kg7 35. Ngxh7 Be7 36. Qh4 Bxf6 37. Nxf6 Qf1 38. Bh6+ Kh8 39. Bg5+ Kg7 40.
Qh6# 1-0